Přeskočit na obsah

Экономика организации Учебник

В настоящем учебнике дается характеристика основных элементов экономической среды функционирования организации и методов их анализа. Особое внимание уделяется рассмотрению вопросов экономики производства и склада типологии экономических стратегий экономической эффективности при оценке деятельности о...

Celý popis

Uloženo v:
Podrobná bibliografie
Hlavní autor: Кнышова Е.Н
Médium: Учебник
Vydání:1
Edice:Среднее профессиональное образование
On-line přístup:https://znanium.ru/catalog/document?id=463577
https://znanium.ru/cover/2198/2198500.jpg
Tagy: Přidat tag
Žádné tagy, Buďte první, kdo otaguje tento záznam!
LEADER 03464nam0a2200613 i 4500
001 RU\infra-m\znanium\bibl\2198500
003 https://znanium.ru/catalog/document?id=463577
005 20250704000000.0
010 |a 978-5-8199-0696-5 
010 |a 978-5-16-105090-3  |b электр. издание 
010 |a 978-5-16-013168-9  |b ISBN соиздателя 
100 |a 20250704d2025 m y0rusy0150 ca 
101 0 |a rus 
102 |a RU 
200 1 |a Экономика организации  |e Учебник  |f Государственный университет управления 
205 |a 1 
210 1 |a Москва  |c Издательский Дом "ФОРУМ"  |d 2025 
215 |a 335 с. 
225 1 |a Среднее профессиональное образование 
330 |a В настоящем учебнике дается характеристика основных элементов экономической среды функционирования организации и методов их анализа. Особое внимание уделяется рассмотрению вопросов экономики производства и склада типологии экономических стратегий экономической эффективности при оценке деятельности организации. Учебник предназначен учащимся техникумов и колледжей экономических специальностей студентам вузов а также специалистам интересующимся вопросами экономики современной организации. 
333 |a Среднее профессиональное образование 
606 |a Экономика. Бухгалтерский учет. Финансы  |x Экономика предприятия (фирмы)  |2 local 
608 |a Учебник  |2 local 
675 |a 658(075.32)  |z rus 
686 |a 65.29я723  |2 rubbk 
686 |a 00.02.38  |2 okso 
686 |a 08.02.01  |2 okso 
686 |a 08.02.02  |2 okso 
686 |a 15.02.07  |2 okso 
686 |a 21.02.15  |2 okso 
686 |a 21.02.16  |2 okso 
686 |a 21.02.17  |2 okso 
686 |a 21.02.18  |2 okso 
686 |a 26.02.03  |2 okso 
686 |a 26.02.04  |2 okso 
686 |a 31.02.05  |2 okso 
686 |a 31.02.06  |2 okso 
686 |a 32.02.01  |2 okso 
686 |a 33.02.01  |2 okso 
686 |a 35.02.12  |2 okso 
686 |a 35.02.18  |2 okso 
686 |a 38.02.01  |2 okso 
686 |a 38.02.02  |2 okso 
686 |a 38.02.03  |2 okso 
686 |a 38.02.06  |2 okso 
686 |a 38.02.07  |2 okso 
686 |a 38.02.08  |2 okso 
686 |a 40.02.04  |2 okso 
686 |a 42.02.01  |2 okso 
700 1 |a Кнышова  |b Е.Н.  |g Елена Николаевна  |p Государственный университет управления 
701 1 |a Панфилова  |b Е. Е.  |g Елена Евгеньевна  |p Государственный университет управления 
801 0 |a RU  |b Общество с ограниченной ответственностью «ЗНАНИУМ»  |c 20250227  |2 rusmarc 
856 4 |a znanium.ru  |m ebs_support@infra-m.ru  |n НИЦ ИНФРА-М  |u https://znanium.ru/catalog/document?id=463577 
856 4 1 |a znanium.ru  |d /cover/2198  |f 2198500.jpg  |q image/jpeg  |u https://znanium.ru/cover/2198/2198500.jpg